000 02882 a2200325 4500
005 20260310082647.0
020 _a9780323222754 (pbk. : alk. paper)
020 _a0323222757 (pbk. : alk. paper)
050 0 0 _aQR185.5
_b.ABB 2015
100 1 _aAbbas, Abul K.,
_eauthor.
245 1 0 _aCellular and molecular immunology /
_cAbul K. Abbas, MBBS, Distinguished Professor in Pathology, Chair, Department of Pathology, University of California San Francisco, San Francisco, California, Andrew H. Lichtman, MD, PhD, Professor of pathology, Harvard Medical School, Brigham and Women's Hospital, Boston, Massachusetts, Shiv Pillai, MBBS, PhD, Professor of Medicine and Health Sciences and Technology, Harvard Medical School, Massachusetts General Hospital, Boston, Massachusetts ; illustrations by David L. Baker, MA, Alexandra Baker, MS, CMI, DNA illustrations, Inc.
250 _aEighth edition.
264 1 _aPhiladelphia, PA :
_bElsevier Saunders,
_c2015
300 _aviii, 535 pages :
_billustrations (some color) ;
336 _atext
_2rdacontent
_btxt
337 _aunmediated
_2rdamedia
_bn
338 _avolume
_2rdacarrier
_bnc
504 _aIncludes bibliographical references and index.
505 0 _aProperties and overview of immune responses -- Cells and tissues of the immune system -- Leukocyte circulation and migration into tissues -- Innate immunity -- Antibodies and antigens -- Major histocompatibility complex molecules and antigen presentation to T lymphocytes -- Immune receptors and signal transduction -- Lymphocyte development and antigen receptor gene rearrangement -- Activation of T lymphocytes -- Development and functions of CD4+ effector T cells -- Development and functions of CD8+ effector T cells -- B cell activation and antibody production -- Effector mechanisms of humoral immunity -- Specialized immunity at epithelial barriers and in immune privileged tissues -- Immunologic tolerance and autoimmunity -- Immunity to microbes -- Transplantation immunology -- Immunity to tumors -- Hypersensitivity disorders -- IgE-dependent immune responses and atopic disease -- Congenital and acquired immunodeficiencies.
520 _aThis revised edition continues to provide a straightforward and concise approach to the subject. It focuses on the experimental observations that underlie the science of immunology at the molecular, cellular and whole organism level, and explores the conclusions that can be drawn from those observations
650 1 2 _aImmunity, Cellular.
650 2 2 _aAntibody Formation
_ximmunology.
650 2 2 _aAntigens
_ximmunology.
650 2 2 _aImmune System Diseases
_ximmunology.
650 2 2 _aLymphocytes
_ximmunology.
700 1 _aLichtman, Andrew H.,
_eauthor.
700 1 _aPillai, Shiv.,
_eauthor.
942 _2lcc
_cBK
_h185.5
_iABB
_kQR
999 _c10900
_d10900